Central Library OPAC University of Rajshahi

Theory of physics : (Record no. 69207)

MARC details
000 -LEADER
fixed length control field 00824nam a2200265 a 4500
001 - CONTROL NUMBER
control field 69207
003 - CONTROL NUMBER IDENTIFIER
rucl marc code BD-RjUL
005 - DATE AND TIME OF LATEST TRANSACTION
control field 20211209081847.0
008 - FIXED-LENGTH DATA ELEMENTS--GENERAL INFORMATION
fixed length control field 170410s1967 enka 001 0 eng d
035 ## - SYSTEM CONTROL NUMBER
System control number (BD-RjUL)69418
040 ## - CATALOGING SOURCE
Original cataloging agency DLC
Transcribing agency DLC
Modifying agency DLC
-- ICU
-- BD-RjUL
Language of cataloging eng
041 ## - LANGUAGE CODE
Language code of text/sound track or separate title eng
082 00 - DEWEY DECIMAL CLASSIFICATION NUMBER
Classification number 530
Edition number 23
Author mark and year STT 1967
100 1# - MAIN ENTRY--PERSONAL NAME
Personal name Stevenson, Richard,
9 (RLIN) 205049
245 10 - TITLE STATEMENT
Title Theory of physics :
Remainder of title an introductory course /
Statement of responsibility, etc. Richard Stevenson and R. B. Moore.
260 ## - PUBLICATION, DISTRIBUTION, ETC. (IMPRINT)
Place of publication, distribution, etc. Philadelphia :
Name of publisher, distributor, etc. Saunders,
Date of publication, distribution, etc. 1967.
300 ## - PHYSICAL DESCRIPTION
Pagination xvi, 795 p. :
Illustrations ill. ;
Size 26 cm.
500 ## - GENERAL NOTE
General note Includes Indexes
650 #0 - SUBJECT ADDED ENTRY--TOPICAL TERM
Topical term or geographic name as entry element Physics.
9 (RLIN) 205051
700 1# - ADDED ENTRY--PERSONAL NAME
Personal name Moore, R. B.
Fuller form of name (Robert B.)
Relator term joint author.
830 ## - SERIES ADDED ENTRY--UNIFORM TITLE
Uniform title Saunders physics books
942 ## - ADDED ENTRY ELEMENTS (KOHA)
Source of classification or shelving scheme Dewey Decimal Classification
Koha item type Books
Holdings
Lost status Source of classification or shelving scheme Damaged status Not for loan Collection code Permanent Location Current Location Shelving location Date acquired Source of acquisition Cost, normal purchase price Total Checkouts Full call number Date last seen Copy number Koha item type
  Dewey Decimal Classification   Not For Loan Non-fiction Central Library, University of Rajshahi Central Library, University of Rajshahi Reading Room 28/08/1973 Ideal Library 58.50   530 STT 1967 10/04/2017 C-1 Books